[Event "Piestany Augustus Cup"]
[Site "Piestany"]
[Date "2022.07.15"]
[Round "1"]
[White "Leszko, Bence"]
[Black "Slavik, Miroslav"]
[Result "1-0"]
[WhiteElo "2037"]
[BlackElo "1347"]
[PlyCount "55"]
[EventDate "2022.07.15"]
[EventType "swiss (rapid)"]
[EventRounds "7"]
[EventCountry "SVK"]
[SourceTitle "CBM 209 Extra"]
[Source "ChessBase"]
[SourceDate "2022.09.30"]
[SourceVersion "1"]
[SourceVersionDate "2022.09.30"]
[SourceQuality "1"]

1. b3 e6 2. Bb2 d5 3. g3 c5 4. Bg2 Nc6 5. f4 Nf6 6. Nf3 Bd7 7. 0-0 Rc8 8. d3 b5 9. a4 b4 10. Qe1 Qb6 11. Kh1 Be7 12. e4 dxe4 13. dxe4 0-0 14. Nbd2 Rfd8 15. Nc4 Qb8 16. Nfe5 Nxe5 17. fxe5 Ne8 18. Qf2 f6 19. exf6 Nxf6 20. e5 Rf8 21. exf6 Bxf6 22. Bxf6 Rxf6 23. Qe2 Bc6 24. Rxf6 gxf6 25. Qxe6+ Kh8 26. Qxf6+ Kg8 27. Qe6+ Kh8 28. Bxc6 1-0

[Event "CZE-Cup11 fin corr"]
[Site "Czechia"]
[Date "2004.06.17"]
[Round "14"]
[White "Pospisil, Ludvik"]
[Black "Slavik, Miroslav"]
[Result "1/2-1/2"]
[WhiteElo "2390"]
[BlackElo "2030"]
[PlyCount "67"]
[EventDate "2004.??.??"]
[EventType "tourn (corr)"]
[EventRounds "15"]
[EventCountry "CZE"]
[SourceTitle "Corr 2006"]
[Source "ChessBase"]
[SourceDate "2006.04.01"]
[SourceVersion "3"]
[SourceVersionDate "2006.04.01"]
[SourceQuality "1"]

1. e4 c6 2. d4 d5 3. exd5 cxd5 4. c3 Nc6 5. Bd3 Nf6 6. Bf4 Bg4 7. Qb3 Na5 8. Qa4+ Bd7 9. Qc2 Rc8 10. Nf3 Nc6 11. Qd1 e6 12. 0-0 Ne7 13. Ne5 Ng6 14. Nxg6 hxg6 15. Nd2 Be7 16. Nf3 Nh5 17. Bd2 Bd6 18. Ne5 Qh4 19. f4 Nf6 20. h3 Bc6 21. Qe2 Qh5 22. Qe3 Be7 23. Rae1 Rc7 24. Rf3 Ne4 25. Bc1 f5 26. Nxc6 bxc6 27. Qe2 g5 28. fxg5 Bxg5 29. Bxg5 Qxg5 30. Bc2 Qh4 31. Bxe4 fxe4 32. Rf2 Rh6 33. Ref1 Rf6 34. Qe3 1/2-1/2

[Event "CZE-Cup11 fin corr"]
[Site "Czechia"]
[Date "2004.06.05"]
[Round "2"]
[White "Slavik, Miroslav"]
[Black "Canibal, Jaromir"]
[Result "1/2-1/2"]
[WhiteElo "2030"]
[BlackElo "2230"]
[PlyCount "50"]
[EventDate "2004.??.??"]
[EventType "tourn (corr)"]
[EventRounds "15"]
[EventCountry "CZE"]
[SourceTitle "Corr 2006"]
[Source "ChessBase"]
[SourceDate "2006.04.01"]
[SourceVersion "3"]
[SourceVersionDate "2006.04.01"]
[SourceQuality "1"]

1. d4 Nf6 2. c4 g6 3. Nc3 Bg7 4. e4 d6 5. f3 0-0 6. Be3 Nc6 7. Qd2 a6 8. Nge2 Rb8 9. Nc1 e5 10. d5 Nd4 11. N1e2 Nxe2 12. Bxe2 Nh5 13. g4 Nf4 14. Bxf4 exf4 15. Qxf4 Be5 16. Qe3 Qh4+ 17. Qf2 Qf6 18. Rc1 c5 19. Rc2 Bd7 20. Nd1 b5 21. Bd3 b4 22. Re2 a5 23. Ne3 a4 24. 0-0 g5 25. Kg2 Rfe8 1/2-1/2

[Event "CZE-Cup11 fin corr"]
[Site "Czechia"]
[Date "2004.06.04"]
[Round "1"]
[White "Doubek, Svatopluk"]
[Black "Slavik, Miroslav"]
[Result "1/2-1/2"]
[WhiteElo "2270"]
[BlackElo "2030"]
[PlyCount "119"]
[EventDate "2004.??.??"]
[EventType "tourn (corr)"]
[EventRounds "15"]
[EventCountry "CZE"]
[SourceTitle "Corr 2006"]
[Source "ChessBase"]
[SourceDate "2006.04.01"]
[SourceVersion "3"]
[SourceVersionDate "2006.04.01"]
[SourceQuality "1"]

1. d4 Nf6 2. c4 e6 3. Nc3 Bb4 4. e3 b6 5. Nge2 Ne4 6. Bd2 Nxd2 7. Qxd2 Bb7 8. a3 Be7 9. Ng3 0-0 10. d5 a5 11. Bd3 Na6 12. 0-0 f5 13. Bc2 Bc5 14. Rad1 Qf6 15. Rfe1 Qh4 16. Qe2 f4 17. exf4 Rxf4 18. Nge4 Raf8 19. Nxc5 Nxc5 20. f3 exd5 21. cxd5 R4f7 22. d6 cxd6 23. Rxd6 Rf6 24. Rxf6 Rxf6 25. Qe8+ Rf8 26. Qe7 Qf4 27. Bb1 h6 28. Ba2+ Kh7 29. Rd1 a4 30. Qd6 Qe3+ 31. Kh1 Re8 32. h3 Bc6 33. Bb1+ Kg8 34. Qg6 Re5 35. Ba2+ Nb3 36. Qd3 b5 37. Qxe3 Rxe3 38. Bxb3+ axb3 39. Kg1 Re5 40. Kf2 Kf7 41. Rd4 g5 42. Rb4 Ke6 43. Rxb3 h5 44. Ne2 h4 45. Nd4+ Kd6 46. Rd3 Kc5 47. b4+ Kb6 48. g3 hxg3+ 49. Kxg3 Rd5 50. f4 gxf4+ 51. Kxf4 d6 52. h4 Bd7 53. Rd2 Kc7 54. Ke4 Rh5 55. Rc2+ Kd8 56. Rh2 Ke7 57. Ne2 Re5+ 58. Kd4 Be8 59. Ng3 Bh5 60. Ne4 1/2-1/2